Sortimentná politika v maloobchode - 1

Saved in:
Bibliographic Details
Main Author: Daňo, Ferdinand, 1959-
Format: Book Chapter
Language:Slovak
Tags: Add Tag
No Tags, Be the first to tag this record!

MARC

LEADER 00000naa a2200000 4500
001 0152021
005 20240502083347.4
041 0 |a slo 
044 |a CZ 
245 1 0 |a Sortimentná politika v maloobchode - 1  |c Ferdinand Daňo 
100 1 |a Daňo, Ferdinand, 1959-